00298nam a2200133Ia 4500003000400000005001700004008004100021040000800062041000800070082001400078100002100092245004200113260000900155OSt20250219170131.0240625s9999 xx 000 0 und d cxyz aeng a519.5 AND aANDERSON DAVIS R aSTATISTICS FOR BUSINESS AND ECONOMICS c2007